000 00212nam a2200097 a 4500
005 20200930070032.0
008 110817s2004 000 spa d
245 0 _aPlenitud.
260 _c[s.f.].
999 _c32602
_d32602
040 _aDO-SdBNP